(Hard) Anime Characters Quiz - Statistics

General Stats
  • This quiz has been taken 950 times
  • The average score is 12 of 80
Answer Stats
Character Answer % Correct
Light Yagami Death Note
86%
Rock Lee Naruto
86%
Majin Buu Dragon ball Z
73%
Inoue Orihime Bleach
65%
Winry Rockbell Fullmetal Alchemist
59%
Kirigaya Kazuto Sword Art Online
56%
Laxus Dreyar Fairy Tail
51%
Sakata Gintoki Gintama
43%
Kallen Stadtfeld Code Geass
42%
Kaiser de Emperana Beelzebub IV Beelzebub
38%
Onizuka Eikichi GTO
27%
Fujioka Haruhi Ouran High School Host Club
27%
Himura Kenshin Rurouni Kenshin
26%
Akiyama Mio K-ON!!
25%
Ogino Chihiro / Sen Spirited Away
24%
Heiwajima Shizuo Durarara!!
22%
Naraku Inuyasha
22%
Kawashima Ami Toradora
21%
Hikigaya Hachiman Yahari Ore no Seishun Rabu Kome wa Machigatteiru
21%
Kaworu Nagisa Neon Genesis Evangelion
19%
Akemi Homura Puella Magi Madoka Magica
19%
Kenshiro Hokuto no Ken
18%
Mouri Ran Detective Conan
17%
Sengoku Nadeko Bakemonogatari
15%
Louise Françoise Le Blanc de La Vallière Zero no Tsukaima
15%
Busujima Saeko Highschool of the Dead
14%
Hol Horse Jojo's Bizarre Adventure
14%
Yuuki Rito To Love-Ru
14%
Kuroyukihime Accel World
12%
Anjō Naruko / Anaru Ano Hi Mita Hana no Namae o Bokutachi wa Mada Shiranai
12%
Victorique de Blois Gosick
12%
Tendo Akane Ranma½
12%
Kamijou Touma To aru Majutsu no Index
11%
Kamiya Taichi Digimon Adventure
10%
Ryūgū Rena Higurashi No Naku Koro Ni
10%
Kraft Lawrence Spice and Wolf
10%
Himeko Inaba Kokoro Connect
8%
Gokou Ruri My Little Sister Can't Be This Cute!
8%
Mashiro Moritaka Bakuman
7%
Kashiwazaki Sena Boku ha Tomodachi ga Sukunai
7%
Kusanagi Motoko Ghost in the Shell
7%
Fujiwara Takumi Initial D
7%
Harima Kenji School Rumble
7%
Sakai Yūji Shakugan no Shana
7%
Kurz Weber Full Metal Panic!
6%
Haqua du Lot Herminium The World God Only Knows
6%
Lum Invader Urusei Yatsura
6%
Setsuna F. Seiei Gundam 00
5%
Takamura Mamoru Hajime no Ippo
5%
Asakura Ryouko The Melancholy of Haruhi Suzumiya
5%
Mihama Chiyo Azumanga Daioh
4%
Birdy Cephon Altera Birdy the Mighty
4%
Tabata Hidenori Daily Lives of High School Boys
4%
Kuroi Nanako Lucky Star
4%
Ranka Lee Macross Frontier
4%
Kagurazaka Asuna Mahou Sensei Negima!
4%
Minami Chiaki Minami-ke
4%
Suigintou Rozen Maiden
4%
Ozaki Toshio Shiki
4%
Taneshima Popura Working!!
4%
Shichimiya Satone Chuunibyou demo Koi ga Shitai!
3%
Nohara Misae Crayon Shin-chan
3%
Midou Ban GetBackers
3%
Itoshiki Nozomu Sayonara Zetsubou Sensei
3%
Aizawa Eiko Shinryaku! Ika Musume
3%
Kirishima Shouko Baka to Test to Shokanjuu
2%
Sakura Ichiko Binbougami ga!
2%
Touwa Erio Denpa Onna to Seishun Otoko
2%
Nishizawa Ayumu Hayate no Gotoku
2%
Senou Natsuru Kämpfer
2%
Domon Kasshu Mobile Fighter G Gundam
2%
Haramura Nodoka Saki
2%
Hata Ranko Seitokai Yakuindomo
2%
Yarizui Sen Ben-To
1%
Sasaki Yukinari Girls Bravo
1%
Lunamaria Hawke Gundam Seed Destiny
1%
Serizawa Fumino Mayoi Neko Overrun
1%
Loran Cehack Turn A Gundam
1%
Heero Yuy Wing Gundam
1%
Quattro Bajeena Zeta Gundam
1%
No matching quizzes found
Score Distribution
Percent of People with Each Score
Percentile by Number Answered
Your Score History
You have not taken this quiz